Čo môže ovplyvňovať veľkosť samičiek klieštika včelieho (2.)

Bibliographic Details
Main Author: Rekoš, Jozef, 1936- (Author)
Format: Article
Language:Slovak
PhysicalDescription:Fotogr. 2, tab. 4
ISSN:0139-6064
Subjects:

MARC

LEADER 00000nab a2200000 a 4500
001 vtls000552024
003 SK-MaSNL
005 20260304095341.0
008 250425c1995 xo 0 slo
015 |a SNBRB19rr/mm-uuuuu 
035 |a CL0552162 
035 |a urn:nbn:sk:snk-abdp6u 
035 |a (urnnbn)urn:nbn:sk:snk:ar-003g9s 
035 |a (uuid)3efa3b92-448a-49d6-b261-0c14f3131c18 
040 |a SNKBUCL  |b slo  |c SNKBUCL  |e AACR2 
041 0 |a slo 
044 |a xo  |c SK 
080 |a 638.153:595.42:591.65  |2 1981 
080 |a 595.42  |2 1981 
080 |a 591.65  |2 1981 
080 |a 576.89  |2 1981 
100 1 |a Rekoš, Jozef,  |d 1936-  |4 aut  |9 49161 
245 1 0 |a Čo môže ovplyvňovať veľkosť samičiek klieštika včelieho (2.)  |c Jozef Rekoš 
300 |b Fotogr. 2, tab. 4 
500 |a Pokračovanie 
650 0 7 |a klieštik včelí  |2 snkbucl  |9 20884 
655 7 |a články z novín a časopisov  |2 snkbucl  |9 267496 
773 0 |t Včelár  |g Roč. 69, č. 5 (1995), s. 70  |x 0139-6064 
850 |a Slovenská národná knižnica 
852 |a Slovenská národná knižnica 
954 |a odborná, vedecká literatúra pôvodná (slovenská)  |2 lita 
958 |a article19 
958 |a OND 
958 |a RK 
958 |a MI 
958 |a EUIPO 
992 |a RBX 
999 |c 2832247  |d 2834177